000 00695nam a2200217 u 4500
005 20240228063947.0
008 080730s1998 r 000 0 eng d
020 _a9583004960
035 _aUPN01000158555
049 _aI
050 4 _aPZ71
_bB8.2
100 1 _aBuenaventura Vidal, Nicolás
245 1 0 _aAmaranta Porqué /
_cNicolás Buenaventura Vidal ; il. Mauricio Trejos.
260 _aSanta Fe de Bogotá :
_bPanamericana,
_c1998.
300 _a82 p. :
_bprincipalmente il. col.
440 0 _aQue pase el tren
650 0 _aCuentos infantiles colombianos
_94407
650 4 _aLibros y lectura para niños
_92290
700 1 _aTrejos Hernández, Mauricio,
_eil.
905 _aInfantil
999 _c130669
_d130669